000 00220nam a22000857a 4500
008 170620b xxu||||| |||| 00| 0 eng d
100 _93539
_aSingh. A. I
245 _aThe partition of india
260 _aNew delhi
_bN. B. T
_c2007
999 _c6924
_d6924